[Event "Leiden LCT op-B 11th"]
[Site "Leiden"]
[Date "2017.07.23"]
[Round "9"]
[White "Guillon, Gabriel"]
[Black "Matai, Rudi"]
[Result "1-0"]
[WhiteElo "1679"]
[BlackElo "1866"]
[PlyCount "55"]
[EventDate "2017.07.14"]
[EventType "swiss"]
[EventRounds "9"]
[EventCountry "NED"]
[SourceTitle "EXT 2018"]
[Source "ChessBase"]
[SourceDate "2017.10.13"]
[SourceVersion "1"]
[SourceVersionDate "2017.10.13"]
[SourceQuality "1"]

1. d4 Nf6 2. Nf3 c5 3. d5 b5 4. a4 b4 5. c4 g6 6. g3 Bg7 7. Bg2 d6 8. Nbd2 a5 9. 0-0 Ra7 10. e4 0-0 11. Re1 Nfd7 12. Nb3 Ne5 13. Nxe5 Bxe5 14. Bh6 Bxb2 15. Bxf8 Bxa1 16. Bxe7 Rxe7 17. Qxa1 Nd7 18. f4 f6 19. Bh3 Ba6 20. Be6+ Kf8 21. e5 dxe5 22. fxe5 Nxe5 23. Rxe5 fxe5 24. Qxe5 Rg7 25. Nxc5 Qc7 26. d6 Qa7 27. Qf6+ Ke8 28. d7+ 1-0

[Event "FRA-chT1 1011"]
[Site "France"]
[Date "2010.11.13"]
[Round "2.8"]
[White "Roger, Juliette"]
[Black "Guillon, Gabriel"]
[Result "1-0"]
[WhiteElo "1617"]
[BlackElo "1828"]
[PlyCount "111"]
[EventDate "2010.10.17"]
[EventType "team-tourn"]
[EventRounds "11"]
[EventCountry "FRA"]
[SourceTitle "EXT 2012"]
[Source "ChessBase"]
[SourceDate "2011.11.24"]
[SourceVersion "1"]
[SourceVersionDate "2011.11.24"]
[SourceQuality "1"]

1. e4 e5 2. Bc4 Nf6 3. Nc3 Nxe4 4. Qh5 Nd6 5. Bb3 g6 6. Qxe5+ Qe7 7. Qxe7+ Bxe7 8. Nf3 c6 9. 0-0 0-0 10. d4 Bf6 11. Bd2 Nf5 12. Ne2 d5 13. c3 Nd6 14. Ne5 Bg7 15. Bf4 f6 16. Nxg6 hxg6 17. Bxd6 Re8 18. Rfe1 Na6 19. Bf4 Bg4 20. Ng3 g5 21. Bd2 Nc7 22. Bc2 Bf8 23. Nf5 Kf7 24. f3 Bh5 25. h4 gxh4 26. Nxh4 Kg8 27. Ng6 Bxg6 28. Bxg6 Rxe1+ 29. Rxe1 Kg7 30. Bh5 Bd6 31. g4 Rh8 32. Kg2 f5 33. f4 fxg4 34. Bxg4 Kf6 35. Kf3 b6 36. Be3 Rh2 37. Re2 Rh8 38. Bf2 Rf8 39. Bh4+ Kg6 40. f5+ Kg7 41. Be7 Bxe7 42. Rxe7+ Rf7 43. Re2 c5 44. Kf4 Nb5 45. a4 Nc7 46. Bh5 Rd7 47. Kg5 a6 48. f6+ Kf8 49. f7 Rxf7 50. Bxf7 Kxf7 51. Re5 cxd4 52. cxd4 b5 53. axb5 axb5 54. Kf5 b4 55. b3 Ne8 56. Rxe8 1-0